000 00889nam a22003017a 4500
003 CHAP
005 20220817042429.0
008 971013s1960 r 00010 d
010 _a44478
011 _a45450
035 _a49589
040 _cCHAP
082 _a634.9751
_bF3
110 _aFAO
245 _aPinus radiata
260 _aRome :
_bFAO,
_c1960
300 _a328 p.
_b: ilus.
490 _aFAO. Estudios de silvicultura y productos forestales
_v; 14
590 _aBATCH-UPD
_b10
_c20130110
_lUCH01
_h0115
590 _aBATCH-UPD
_b10
_c20130110
_lUCH01
_h2210
590 _aCONVERSION
_b10
_c20130109
_lUCH01
_h1324
650 1 4 _aPinus radiata.
_988362
700 0 _aScott, C. W.
_9103369
830 0 _aFAO. Estudios de silvicultura y productos forestales
_v; 14
_939550
901 _aBK
942 _cLIBRO
949 _a634.9751 F3
_bBC
_cFAO
_d-111819
_eFAO1
_h23888
_i49589
_si
999 _c44478
_d44478